[Event "Egypt Open 2016"]
[Site "Eastern Company Club"]
[Date "2016.04.22"]
[Round "1"]
[Board "1"]
[White "Adly, Ahmed"]
[Black "Talaat, Shereif"]
[Result "1-0"]
[WhiteElo "2601"]
[BlackElo "1879"]
[PlyCount "57"]
[EventDate "2016.04.22"]
[EventRounds "9"]
[EventCountry "EGY"]

1. d4 d5 2. Nf3 Nf6 3. Bg5 Ne4 4. Bf4 c6 5. Nbd2 Qb6 6. Qc1 Bf5 7. e3 Nd7 8. c4
e6 9. c5 Qd8 10. b4 a5 11. b5 g5 12. Bg3 Nxg3 13. hxg3 Bg7 14. Qa3 Qe7 15. Rc1
O-O 16. Bd3 Qf6 17. g4 Bg6 18. Rb1 e5 19. bxc6 bxc6 20. Rb7 Bxd3 21. Rxd7 e4
22. Ne5 Qe6 23. Rd6 Qc8 24. Nxd3 exd3 25. Qxd3 f5 26. Nf3 Qa6 27. Qxa6 Rxa6 28.
Nxg5 Rb8 29. Rxh7 1-0

[Event "Egypt Open 2016"]
[Site "Eastern Company Club"]
[Date "2016.04.22"]
[Round "1"]
[Board "2"]
[White "M.Mahmoud, Mohamed"]
[Black "Fawzy, Adham"]
[Result "0-1"]
[WhiteElo "1876"]
[BlackElo "2475"]
[PlyCount "46"]
[EventDate "2016.04.22"]
[EventRounds "9"]
[EventCountry "EGY"]

1. d4 Nf6 2. Nf3 e6 3. Bg5 c5 4. e3 Qb6 5. Bxf6 Qxb2 6. dxc5 Qxf6 7. Qd4 Nc6 8.
Qxf6 gxf6 9. Bb5 Bxc5 10. Bxc6 bxc6 11. Nbd2 Ba6 12. c4 d5 13. O-O dxc4 14.
Rfc1 Ba3 15. Rc2 c3 16. Nb1 Bb2 17. Rxc3 Bxa1 18. Rxc6 Rc8 19. Rxc8+ Bxc8 20.
Nbd2 Bb7 21. Nd4 Bxd4 22. exd4 Ke7 23. Nb3 Bd5 0-1

[Event "Egypt Open 2016"]
[Site "Eastern Company Club"]
[Date "2016.04.22"]
[Round "1"]
[Board "3"]
[White "Ezat, Mohamed"]
[Black "Bauomy, Magdy"]
[Result "1-0"]
[WhiteElo "2467"]
[BlackElo "1874"]
[PlyCount "87"]
[EventDate "2016.04.22"]
[EventRounds "9"]
[EventCountry "EGY"]

1. d4 Nf6 2. c4 g6 3. Nc3 Bg7 4. e4 d6 5. Be2 O-O 6. Bg5 Nbd7 7. Qd2 e5 8. d5
a6 9. h4 Qe8 10. g4 Nc5 11. f3 h5 12. b4 Ncd7 13. Nh3 hxg4 14. fxg4 Nb6 15. Nf2
a5 16. c5 dxc5 17. bxc5 Nbd7 18. Nb5 Qd8 19. h5 gxh5 20. gxh5 Kh7 21. h6 Bh8
22. Rc1 Rg8 23. c6 bxc6 24. dxc6 Nb6 25. Qxd8 Rxd8 26. Nxc7 Ra7 27. Be3 Rd4 28.
Nb5 Re7 29. Bxd4 exd4 30. Nd6 Ne8 31. Nxc8 Nxc8 32. Bd3 Ned6 33. Kd1 Be5 34.
Rc5 Kh8 35. Ng4 Bf4 36. Rf1 Bg3 37. Rf3 Bh4 38. Rh5 Nxe4 39. Bxe4 Rxe4 40. Rxh4
Nd6 41. c7 Re7 42. Nf6 Rxc7 43. Rg4 Rc8 44. Rfg3 1-0

[Event "Egypt Open 2016"]
[Site "Eastern Company Club"]
[Date "2016.04.22"]
[Round "1"]
[Board "4"]
[White "Abdallah, Wesam"]
[Black "Petrov, Marian"]
[Result "0-1"]
[WhiteElo "1855"]
[BlackElo "2447"]
[PlyCount "90"]
[EventDate "2016.04.22"]
[EventRounds "9"]
[EventCountry "EGY"]

1. e4 c5 2. Bc4 e6 3. c3 Nc6 4. Nf3 Nf6 5. d3 d5 6. exd5 exd5 7. Qe2+ Be7 8.
Bb5 O-O 9. O-O Bd6 10. Bg5 h6 11. Bh4 Bg4 12. Nbd2 Re8 13. Qd1 Bf4 14. Qa4 Qd6
15. Bxf6 Qxf6 16. g3 Bxf3 17. Nxf3 Bc7 18. Qg4 Re2 19. Rab1 Rae8 20. Rbe1 Qd8
21. Rxe2 Rxe2 22. Nh4 Rxb2 23. Bxc6 bxc6 24. Nf5 g6 25. Re1 Qf8 26. Nh4 Rb8 27.
Qd7 Qd6 28. Qg4 Qf6 29. d4 cxd4 30. cxd4 h5 31. Qd7 Rb2 32. Qe8+ Kg7 33. Qe3
Rxa2 34. Rf1 Bb6 35. Nf3 Ra4 36. Rd1 Qd6 37. Rd3 Ra2 38. Qg5 c5 39. Nh4 Qf6 40.
Qxf6+ Kxf6 41. dxc5 Bxc5 42. Rxd5 Bxf2+ 43. Kf1 Bb6 44. h3 Rh2 45. g4 hxg4 0-1

[Event "Egypt Open 2016"]
[Site "Eastern Company Club"]
[Date "2016.04.22"]
[Round "1"]
[Board "5"]
[White "Ameir, Moheb"]
[Black "Mohey, Ahmed"]
[Result "1-0"]
[WhiteElo "2430"]
[BlackElo "1852"]
[PlyCount "71"]
[EventDate "2016.04.22"]
[EventRounds "9"]
[EventCountry "EGY"]

1. e4 c5 2. c3 d5 3. exd5 Qxd5 4. d4 Nc6 5. Nf3 Nf6 6. dxc5 Qxd1+ 7. Kxd1 e5 8.
b4 a6 9. Nbd2 Be7 10. Bc4 Bg4 11. Re1 Rd8 12. h3 Bxf3+ 13. gxf3 O-O 14. Kc2
Rfe8 15. a4 Bf8 16. Nb3 Ra8 17. Bg5 Rac8 18. Rad1 Rc7 19. f4 e4 20. Bxf6 gxf6
21. Bd5 f5 22. Bxc6 Rxc6 23. Rd5 Rh6 24. Re3 Rh4 25. Rg3+ Kh8 26. Rxf5 Bh6 27.
Rxf7 Bxf4 28. Rg4 Rxg4 29. hxg4 e3 30. fxe3 Bxe3 31. Rxb7 Rg8 32. Re7 Bf4 33.
c6 Rxg4 34. c7 Rg8 35. b5 h5 36. b6 1-0

[Event "Egypt Open 2016"]
[Site "Eastern Company Club"]
[Date "2016.04.22"]
[Round "1"]
[Board "6"]
[White "Aly, Ahmed Shereif"]
[Black "Labib, Ibrahim Hasan"]
[Result "0-1"]
[WhiteElo "1851"]
[BlackElo "2424"]
[PlyCount "74"]
[EventDate "2016.04.22"]
[EventRounds "9"]
[EventCountry "EGY"]

1. e4 Nf6 2. Nc3 d5 3. exd5 Nxd5 4. Nxd5 Qxd5 5. Qf3 Qc5 6. c3 e5 7. Qe3 Be6 8.
Nf3 Qxe3+ 9. fxe3 Nd7 10. Ng5 Bf5 11. Bc4 Bg6 12. O-O Nf6 13. Nf3 e4 14. Ne5
Bd6 15. Nxg6 hxg6 16. h3 g5 17. Be2 Ke7 18. Rf5 g4 19. hxg4 g6 20. Rb5 Bg3 21.
g5 Nd7 22. Bg4 Ne5 23. Bh3 b6 24. Rb4 Rh4 25. b3 c5 26. Ra4 Nd3 27. Ba3 a5 28.
b4 b5 29. Rxa5 Rxa5 30. bxa5 b4 31. cxb4 cxb4 32. Bc1 Rh5 33. a3 b3 34. Rb1
Rxg5 35. a6 Nxc1 36. Rxc1 b2 37. Rb1 Be5 0-1

[Event "Egypt Open 2016"]
[Site "Eastern Company Club"]
[Date "2016.04.22"]
[Round "1"]
[Board "8"]
[White "Arafa, Hosam Sayed"]
[Black "Hesham, Abdelrahman"]
[Result "0-1"]
[WhiteElo "1849"]
[BlackElo "2390"]
[PlyCount "120"]
[EventDate "2016.04.22"]
[EventRounds "9"]
[EventCountry "EGY"]

1. e4 e5 2. Nf3 Nc6 3. Bb5 Nf6 4. d3 Bc5 5. O-O d6 6. Be3 Bb6 7. c3 O-O 8. h3
Ne7 9. Nbd2 c6 10. Ba4 Ng6 11. d4 Qe7 12. Bc2 h6 13. Re1 Nh7 14. Nf1 Ng5 15.
Ng3 Qf6 16. Nf5 Nf4 17. Bxf4 exf4 18. e5 dxe5 19. Rxe5 Nxf3+ 20. Qxf3 Be6 21.
Qd3 Rfd8 22. Rae1 Kf8 23. Bb3 Bxb3 24. axb3 Bc7 25. Re7 Re8 26. Qe4 Rxe7 27.
Qxe7+ Qxe7 28. Rxe7 Rc8 29. Rd7 Ke8 30. Re7+ Kf8 31. Rd7 h5 32. c4 Ke8 33. Re7+
Kf8 34. Rd7 Ke8 35. Re7+ Kf8 36. Rd7 b5 37. Kf1 a5 38. d5 bxc4 39. bxc4 cxd5
40. Rxd5 g6 41. Nd4 Bb6 42. b3 a4 43. bxa4 Rxc4 44. Nb3 Rxa4 45. Nc5 Ra1+ 46.
Ke2 Kg7 47. Kf3 Ra5 48. Nd7 Rxd5 49. Nxb6 Rb5 50. Nc4 Rb3+ 51. Ke2 g5 52. Ne5
f5 53. Nd3 Ra3 54. h4 f3+ 55. gxf3 gxh4 56. Nf4 Kh6 57. Nh3 Ra1 58. f4 Rh1 59.
Ng5 h3 60. Kf3 h4 0-1

[Event "Egypt Open 2016"]
[Site "Eastern Company Club"]
[Date "2016.04.22"]
[Round "1"]
[Board "9"]
[White "Elgabry, Mohsen"]
[Black "Youssef, Fady"]
[Result "0-1"]
[WhiteElo "2365"]
[BlackElo "1844"]
[PlyCount "98"]
[EventDate "2016.04.22"]
[EventRounds "9"]
[EventCountry "EGY"]

1. c4 Nf6 2. Nf3 e6 3. g3 d5 4. Bg2 Be7 5. O-O O-O 6. d3 c6 7. b3 b6 8. Bb2 Bb7
9. cxd5 cxd5 10. Nbd2 Nbd7 11. Rc1 b5 12. Nd4 Qb6 13. N2f3 a5 14. a3 Rfd8 15.
Qd2 Bf8 16. Qf4 Rac8 17. b4 axb4 18. axb4 Re8 19. Nb3 Qd6 20. Na5 Ba8 21. Ba3
e5 22. Qd2 Nb6 23. Rxc8 Rxc8 24. Rc1 Re8 25. Ne1 Na4 26. d4 exd4 27. Nf3 Ne4
28. Qxd4 g6 29. Qd3 Qb6 30. Nd4 Bh6 31. f4 Nd6 32. e3 Bg7 33. Nc2 Nc4 34. Re1
Bc3 35. Nxc4 bxc4 36. Qd1 Bxe1 37. Qxe1 d4 38. Bxa8 d3 39. Bf3 dxc2 40. Kf2 c3
41. Qe2 Qxb4 42. Bxb4 c1=Q 43. Qb5 Qxe3+ 44. Kg2 c2 45. Ba3 Nc3 46. Qc6 Qd2+
47. Kh3 Rd8 48. Qf6 Qd4 49. Qc6 Qd7+ 0-1

[Event "Egypt Open 2016"]
[Site "Eastern Company Club"]
[Date "2016.04.22"]
[Round "1"]
[Board "10"]
[White "El Eryan, Emad"]
[Black "L'ami, Alina"]
[Result "0-1"]
[WhiteElo "1842"]
[BlackElo "2348"]
[PlyCount "92"]
[EventDate "2016.04.22"]
[EventRounds "9"]
[EventCountry "EGY"]

1. d4 Nf6 2. c4 g6 3. Nc3 Bg7 4. e4 d6 5. f4 O-O 6. Nf3 c5 7. d5 e6 8. Bd3 exd5
9. cxd5 Bg4 10. O-O Nbd7 11. h3 Bxf3 12. Qxf3 Ne8 13. Be3 a6 14. a4 Rb8 15. a5
Nc7 16. g4 b5 17. axb6 Rxb6 18. Rab1 Qb8 19. Qe2 c4 20. Bc2 Rb4 21. Na2 Rxb2
22. Qxc4 Nb5 23. Rxb2 Bxb2 24. Qd3 Rc8 25. Nb4 Rc3 26. Nc6 Rxd3 27. Nxb8 Rxe3
28. Nxd7 Na3 29. Rf2 Bd4 30. Kg2 Rc3 31. Bd1 Bxf2 32. Kxf2 Nb5 33. Nb8 Rc4 34.
Be2 Rxe4 35. Nxa6 Nc3 36. Bf3 Rxf4 37. Ke3 Ra4 38. Nb8 Ra3 39. Kf4 f6 40. h4
Ra4+ 41. Ke3 Nb5 42. Nc6 Kf7 43. Be2 Ra3+ 44. Kd2 Nc7 45. Bc4 Rf3 46. Ke2 Rf4
 0-1

[Event "Egypt Open 2016"]
[Site "Eastern Company Club"]
[Date "2016.04.22"]
[Round "1"]
[Board "11"]
[White "Wageih, Kareim"]
[Black "Moustafa, Haysam"]
[Result "1-0"]
[WhiteElo "2336"]
[BlackElo "1840"]
[PlyCount "97"]
[EventDate "2016.04.22"]
[EventRounds "9"]
[EventCountry "EGY"]

1. d4 b5 2. e4 Bb7 3. Bd3 Nf6 4. Nd2 g5 5. Ngf3 g4 6. Nh4 h5 7. O-O e6 8. g3
Bh6 9. e5 Nh7 10. Ne4 Bg5 11. Bxg5 Nxg5 12. Nxg5 Qxg5 13. Bxb5 f5 14. Qc1 Qxc1
15. Rfxc1 Nc6 16. c3 Ne7 17. Bf1 Rb8 18. b3 Kf7 19. Bg2 Ng8 20. Bxb7 Rxb7 21.
c4 Nh6 22. d5 Kg7 23. dxe6 dxe6 24. Rd1 c5 25. Rd6 Re8 26. Rc6 Rd7 27. Rxc5 Nf7
28. Ng2 Ng5 29. Nf4 Kf7 30. h4 gxh3 31. Kh2 Ne4 32. Rc6 Nxf2 33. Rd6 Ng4+ 34.
Kxh3 Nxe5 35. Rad1 Rxd6 36. Rxd6 Kf6 37. Ra6 Ng4 38. Nxh5+ Kg5 39. Nf4 Rh8+ 40.
Kg2 Rh2+ 41. Kg1 Rd2 42. Nxe6+ Kf6 43. Nd4+ Ke5 44. Nf3+ Ke4 45. Nxd2+ Ke3 46.
Nf1+ Kf3 47. c5 Nf2 48. c6 Nh3+ 49. Kh2 1-0

[Event "Egypt Open 2016"]
[Site "Eastern Company Club"]
[Date "2016.04.22"]
[Round "1"]
[Board "12"]
[White "Abdel Rahman, Nader"]
[Black "Sarwat, Walaa"]
[Result "0-1"]
[WhiteElo "1837"]
[BlackElo "2326"]
[PlyCount "38"]
[EventDate "2016.04.22"]
[EventRounds "9"]
[EventCountry "EGY"]

1. e4 e5 2. d3 Nf6 3. Qf3 d5 4. Qg3 Nc6 5. f3 g6 6. c3 Be7 7. h4 Be6 8. Qf2 Qd7
9. Nh3 h6 10. Na3 O-O-O 11. Qe2 dxe4 12. fxe4 Nh5 13. Qf2 f5 14. Be2 fxe4 15.
Bxh5 gxh5 16. Ng1 Qxd3 17. Bd2 Rhf8 18. Qe2 Qg3+ 19. Kd1 Bg4 0-1

[Event "Egypt Open 2016"]
[Site "Eastern Company Club"]
[Date "2016.04.22"]
[Round "1"]
[Board "15"]
[White "El Amary, Kamal"]
[Black "Shehata Mohamed, Ayman"]
[Result "1/2-1/2"]
[WhiteElo "2281"]
[BlackElo "1833"]
[PlyCount "130"]
[EventDate "2016.04.22"]
[EventRounds "9"]
[EventCountry "EGY"]

1. d4 Nf6 2. Nf3 e6 3. g3 d5 4. Bg2 c5 5. O-O Nc6 6. c4 Be7 7. cxd5 exd5 8. Nc3
Be6 9. dxc5 Bxc5 10. Bg5 Be7 11. Nd4 O-O 12. Nxe6 fxe6 13. Rc1 h6 14. Bd2 a6
15. e4 d4 16. Ne2 e5 17. Qb3+ Kh8 18. Qxb7 d3 19. Nf4 exf4 20. Qxc6 fxg3 21.
hxg3 Rb8 22. b3 a5 23. e5 Nh7 24. Qg6 Rg8 25. Be4 Nf8 26. Qf7 Bg5 27. Bd5 Ne6
28. Bxg5 Qxd5 29. Be3 Qxe5 30. Qg6 Rgd8 31. Rfd1 Nd4 32. Bxd4 Qxd4 33. Rc7 Rf8
34. Qxd3 Qxf2+ 35. Kh1 Rf5 36. Rc4 Rbf8 37. Rh4 Rf3 38. Qd4 Qxd4 39. Rdxd4 Rf1+
40. Kg2 R8f2+ 41. Kh3 Rxa2 42. Rhe4 Rf3 43. Rd8+ Kh7 44. Re7 Ra3 45. Rdd7 Raxb3
46. Rxg7+ Kh8 47. Kh4 a4 48. Ra7 a3 49. Rh7+ Kg8 50. Rag7+ Kf8 51. Ra7 Kg8 52.
Rhc7 Rb6 53. Rc8+ Rf8 54. Rcc7 Rg6 55. Rxa3 Rf7 56. Rc8+ Rf8 57. Rc4 Rf1 58.
Kh5 Rgf6 59. Kh4 Kh7 60. Rc5 Re6 61. Rc8 Rg6 62. Kh3 Rg8 63. Rc4 Rg5 64. Kh2
Rf2+ 65. Kh3 Rg7 1/2-1/2

[Event "Egypt Open 2016"]
[Site "Eastern Company Club"]
[Date "2016.04.22"]
[Round "1"]
[Board "16"]
[White "Shokry, Yasser"]
[Black "Fadi, Marko"]
[Result "0-1"]
[WhiteElo "1831"]
[BlackElo "2276"]
[PlyCount "59"]
[EventDate "2016.04.22"]
[EventRounds "9"]
[EventCountry "EGY"]

1. e4 d6 2. d4 Nf6 3. Bd3 g6 4. Nf3 Bg7 5. O-O O-O 6. c3 Nc6 7. h3 e5 8. Re1
Nh5 9. Be3 Nf4 10. Bc4 Qe7 11. d5 Nb8 12. Bf1 g5 13. g3 Nxh3+ 14. Bxh3 Bxh3 15.
Nxg5 Bc8 16. Kg2 f6 17. Nh3 Qf7 18. Nd2 f5 19. f4 fxe4 20. Nxe4 Bxh3+ 21. Kxh3
Qf5+ 22. Kh2 Qxe4 23. Bxa7 Qg6 24. Be3 Nd7 25. Qb3 Nf6 26. fxe5 Ng4+ 27. Kg1
Qh5 28. Qc2 Nxe5 29. Bf4 Nf3+ 30. Kg2 0-1

[Event "Egypt Open 2016"]
[Site "Eastern Company Club"]
[Date "2016.04.22"]
[Round "1"]
[Board "17"]
[White "Lauridsen, Jesper Morch"]
[Black "Aly Ahmed, Hassan"]
[Result "1/2-1/2"]
[WhiteElo "2275"]
[BlackElo "1829"]
[PlyCount "102"]
[EventDate "2016.04.22"]
[EventRounds "9"]
[EventCountry "EGY"]

1. e4 e5 2. f4 exf4 3. Nf3 Nf6 4. e5 Nh5 5. d4 Be7 6. Bd3 g6 7. O-O O-O 8. Nc3
d5 9. exd6 Bxd6 10. Ne4 Bg4 11. c3 Nc6 12. Qb3 b6 13. Bd2 Be6 14. Qc2 Ne7 15.
Rae1 Nd5 16. Nxd6 Qxd6 17. Re5 Ng7 18. a3 Nf5 19. Bxf5 Bxf5 20. Qb3 Rfd8 21. c4
Ne3 22. Bxe3 fxe3 23. Qxe3 Bg4 24. Ng5 f6 25. Ne4 fxe5 26. Nxd6 cxd6 27. dxe5
dxe5 28. Qxe5 Re8 29. Qc7 Be6 30. b3 Rec8 31. Qg3 Rf8 32. Rxf8+ Rxf8 33. Qc7
Rf7 34. Qb8+ Kg7 35. Qe5+ Rf6 36. h3 h5 37. Kh2 a5 38. Qd4 Bf7 39. b4 axb4 40.
axb4 g5 41. c5 bxc5 42. bxc5 Kg6 43. c6 h4 44. Qe4+ Kg7 45. Qe5 Kg6 46. c7 Be6
47. Qxe6 Rxe6 48. c8=Q Rf6 49. Qg8+ Kh6 50. g4 hxg3+ 51. Kxg3 Rf4 1/2-1/2

[Event "Egypt Open 2016"]
[Site "Eastern Company Club"]
[Date "2016.04.22"]
[Round "1"]
[Board "19"]
[White "Yousry, Salah"]
[Black "Adel, Ehab"]
[Result "1-0"]
[WhiteElo "2266"]
[BlackElo "1828"]
[PlyCount "77"]
[EventDate "2016.04.22"]
[EventRounds "9"]
[EventCountry "EGY"]

1. e4 e5 2. d4 d6 3. Bc4 Nc6 4. Nf3 exd4 5. Nxd4 Ne5 6. Bb3 Bg4 7. f3 Bd7 8. f4
Ng4 9. O-O c6 10. h3 N4f6 11. Nc3 g6 12. e5 Nh5 13. e6 fxe6 14. Bxe6 Qb6 15.
Bxd7+ Kxd7 16. Qg4+ Ke8 17. Be3 Ng7 18. Rae1 Qc7 19. Ne6 Nxe6 20. Qxe6+ Qe7 21.
Bd4 Qxe6 22. Rxe6+ Kf7 23. Rfe1 Bg7 24. Bxg7 Kxg7 25. Rxd6 Nf6 26. Re7+ Kf8 27.
Rxb7 Nd5 28. Nxd5 cxd5 29. Rxd5 Rg8 30. Rdd7 g5 31. Rf7+ Ke8 32. fxg5 Rxg5 33.
Rxh7 Rg8 34. b4 Kd8 35. a4 a5 36. b5 Rc8 37. Rbd7+ Ke8 38. Ra7 Kd8 39. b6 1-0

[Event "Egypt Open 2016"]
[Site "Eastern Company Club"]
[Date "2016.04.22"]
[Round "1"]
[Board "20"]
[White "Aly, Magdy"]
[Black "El Arousy, Abdul Hameed"]
[Result "0-1"]
[WhiteElo "1824"]
[BlackElo "2265"]
[PlyCount "63"]
[EventDate "2016.04.22"]
[EventRounds "9"]
[EventCountry "EGY"]

1. c4 Nf6 2. g3 g6 3. Nc3 d5 4. cxd5 Nxd5 5. Bg2 Nb6 6. Nf3 Bg7 7. d3 Nc6 8.
Be3 O-O 9. Rc1 e5 10. O-O h6 11. Ne4 Nd5 12. Bc5 Re8 13. Ned2 Be6 14. b3 Qd7
15. Qc2 Bh3 16. a3 Bxg2 17. Kxg2 a5 18. e4 Nf6 19. Rfd1 Nh5 20. h3 Re6 21. Nf1
Nf6 22. a4 Bf8 23. Bxf8 Rxf8 24. Qd2 Kg7 25. Rc3 Rd6 26. Rxc6 Qxc6 27. Nxe5
Nxe4 28. Nxc6 Nxd2 29. Nxa5 Nxf1 30. Nxb7 Rb8 31. Nc5 Rbd8 32. a5 0-1

[Event "Egypt Open 2016"]
[Site "Eastern Company Club"]
[Date "2016.04.22"]
[Round "1"]
[Board "22"]
[White "Mahmoud, Maged"]
[Black "Ahmed, Ali Layth Ahmed"]
[Result "0-1"]
[WhiteElo "1820"]
[BlackElo "2257"]
[PlyCount "93"]
[EventDate "2016.04.22"]
[EventRounds "9"]
[EventCountry "EGY"]

1. e4 c6 2. d4 d5 3. Nd2 dxe4 4. Nxe4 Bf5 5. Ng3 Bg6 6. Nf3 Nd7 7. Be2 Ngf6 8.
O-O Qc7 9. c3 e6 10. Be3 Bd6 11. c4 O-O 12. c5 Be7 13. Qd2 Nd5 14. Bd3 Bxd3 15.
Qxd3 Rad8 16. Ne4 Rfe8 17. a3 h6 18. Rac1 N5f6 19. Nc3 Nxc5 20. Qc2 Ncd7 21. h3
Qb8 22. Nd2 Nb6 23. Nde4 Nbd5 24. b4 Nxe4 25. Nxe4 e5 26. Qb2 f5 27. Nc5 Bxc5
28. bxc5 f4 29. Bd2 e4 30. Ba5 Rd7 31. Qb3 Kh8 32. f3 e3 33. Rfe1 Re6 34. Re2
Qe8 35. Be1 g5 36. Qd3 Qf7 37. Rc4 h5 38. Rcc2 Rg6 39. Kh1 Qf6 40. Qe4 Re7 41.
Qd3 g4 42. Bh4 Rg5 43. Bxg5 Qxg5 44. fxg4 hxg4 45. Rb2 f3 46. gxf3 gxf3 47. Rg2
 0-1

[Event "Egypt Open 2016"]
[Site "Eastern Company Club"]
[Date "2016.04.22"]
[Round "1"]
[Board "23"]
[White "Amin, Ashraf"]
[Black "Antar, Hossam"]
[Result "1-0"]
[WhiteElo "2257"]
[BlackElo "1818"]
[PlyCount "100"]
[EventDate "2016.04.22"]
[EventRounds "9"]
[EventCountry "EGY"]

1. d4 g6 2. Nf3 Bg7 3. Bf4 d6 4. e3 Nf6 5. h3 O-O 6. Be2 Nbd7 7. O-O b6 8. c4
c5 9. Nc3 Bb7 10. d5 h6 11. e4 Re8 12. Qd2 Kh7 13. Rfe1 Nh5 14. Bh2 Bf6 15.
Rad1 Bc8 16. Bd3 Ne5 17. Nxe5 dxe5 18. a3 Bg5 19. Qc2 Nf4 20. Bf1 a6 21. Bg3 h5
22. f3 Qd6 23. Bf2 Rg8 24. b4 Ra7 25. Na4 Rc7 26. bxc5 bxc5 27. Rb1 Bd7 28. Nb6
Rd8 29. Nxd7 Rdxd7 30. g3 Qf6 31. gxf4 Bxf4 32. Bg2 Rd8 33. Qc3 e6 34. Rb6 h4
35. Qa5 Rcc8 36. Reb1 Qg5 37. Qe1 exd5 38. exd5 Bd2 39. Qe4 Bf4 40. Rb7 Kg8 41.
Qe1 Rd6 42. R1b3 Bg3 43. Bxg3 hxg3 44. Qe3 Qf5 45. Bf1 Kg7 46. Re7 Qc2 47.
Qxe5+ Kg8 48. Rb2 Qc1 49. Rxf7 Qh6 50. Re7 Rf8 1-0

[Event "Egypt Open 2016"]
[Site "Eastern Company Club"]
[Date "2016.04.22"]
[Round "1"]
[Board "24"]
[White "Hassan, Waleid Ahmed"]
[Black "Nyazi, Nehad"]
[Result "0-1"]
[WhiteElo "1818"]
[BlackElo "2242"]
[PlyCount "81"]
[EventDate "2016.04.22"]
[EventRounds "9"]
[EventCountry "EGY"]

1. d4 Nf6 2. Bg5 d5 3. Bxf6 exf6 4. e3 c6 5. Bd3 Bd6 6. Ne2 O-O 7. Nbc3 f5 8.
O-O Re8 9. g3 g6 10. Qd2 Nd7 11. Nf4 Nf6 12. f3 Bd7 13. Rae1 Qb6 14. Na4 Qc7
15. Nc3 b5 16. Nd1 Re7 17. b3 a5 18. c4 Bb4 19. Nc3 bxc4 20. bxc4 Rae8 21. c5
Bxc3 22. Qxc3 Rxe3 23. Rxe3 Rxe3 24. Ng2 Re8 25. Rb1 g5 26. Rb6 f4 27. gxf4 g4
28. fxg4 Bxg4 29. Qxa5 Bf3 30. Qd2 Kh8 31. Rb2 Qe7 32. Qc1 Ne4 33. Qe3 Qf6 34.
Bxe4 Bxe4 35. a4 Rg8 36. Rf2 Qg7 37. Qd2 Rb8 38. a5 Rb1+ 39. Rf1 Rb4 40. Ra1
Bxg2 41. Qxg2 0-1

[Event "Egypt Open 2016"]
[Site "Eastern Company Club"]
[Date "2016.04.22"]
[Round "1"]
[Board "25"]
[White "Ezat, Abdallah"]
[Black "Al-Zaabi, Sultan"]
[Result "1-0"]
[WhiteElo "2239"]
[BlackElo "1817"]
[PlyCount "83"]
[EventDate "2016.04.22"]
[EventRounds "9"]
[EventCountry "EGY"]

1. d4 Nf6 2. c4 g6 3. Nc3 d5 4. h4 Bg7 5. h5 Nxh5 6. cxd5 e6 7. e4 exd5 8. e5
Bf8 9. Rxh5 gxh5 10. Qxh5 Be6 11. Nf3 Nc6 12. Bb5 Qd7 13. Bg5 Be7 14. Bxc6 bxc6
15. Bf6 Bxf6 16. exf6 Bg4 17. Qe5+ Qe6 18. Qxe6+ Bxe6 19. Ne5 c5 20. Nb5 O-O-O
21. dxc5 a6 22. Nd4 Rde8 23. f4 Bg4 24. Kf2 h5 25. b4 Rh6 26. a4 Rxf6 27. Ke3
Rh6 28. Kf2 Rf6 29. Kg3 Rg8 30. b5 Bd7+ 31. Kf3 Bg4+ 32. Ke3 Be6 33. bxa6 Kb8
34. Ndc6+ Ka8 35. Rb1 Bd7 36. Ne7 Re8 37. Nxd5 Rxa6 38. Nxc7+ Ka7 39. Nxa6 Kxa6
40. Kd3 Rd8 41. Rb6+ Ka5 42. Rd6 1-0

[Event "Egypt Open 2016"]
[Site "Eastern Company Club"]
[Date "2016.04.22"]
[Round "1"]
[Board "26"]
[White "Abdel Kader, Emad"]
[Black "Zayan, Osama"]
[Result "1/2-1/2"]
[WhiteElo "1816"]
[BlackElo "2233"]
[PlyCount "95"]
[EventDate "2016.04.22"]
[EventRounds "9"]
[EventCountry "EGY"]

1. e4 c5 2. Nf3 Nc6 3. d4 cxd4 4. Nxd4 g6 5. c4 Bg7 6. Be3 Nf6 7. Be2 Nxe4 8.
Bf3 Qa5+ 9. Ke2 Qe5 10. Nc3 Nxd4+ 11. Qxd4 Nxc3+ 12. bxc3 O-O 13. Qxe5 Bxe5 14.
Rab1 Rb8 15. Bxa7 Ra8 16. Be3 Rxa2+ 17. Kd3 d6 18. Bxb7 Bf5+ 19. Be4 Bxe4+ 20.
Kxe4 Bxc3 21. c5 dxc5 22. Bxc5 Rc8 23. Rb5 f5+ 24. Kf3 e5 25. Rd1 Ra5 26. Rxa5
Bxa5 27. Rd5 Bc7 28. g3 Rd8 29. Rxd8+ Bxd8 30. Ke3 Kf7 31. f3 Ke6 32. Ke2 Be7
33. Ba7 Kd5 34. h3 Bc5 35. Bb8 h5 36. Bc7 Be7 37. Bb6 h4 38. g4 e4 39. gxf5
gxf5 40. fxe4+ Kxe4 41. Be3 Bd6 42. Bg5 Bg3 43. Kf1 Kf3 44. Kg1 Be1 45. Kf1 Bf2
46. Bf6 Bg3 47. Kg1 Ke2 48. Bg5 1/2-1/2

[Event "Egypt Open 2016"]
[Site "Eastern Company Club"]
[Date "2016.04.22"]
[Round "1"]
[Board "27"]
[White "Saber, Ibrahim"]
[Black "Amin, Essam"]
[Result "1-0"]
[WhiteElo "2230"]
[BlackElo "1811"]
[PlyCount "49"]
[EventDate "2016.04.22"]
[EventRounds "9"]
[EventCountry "EGY"]

1. e4 d6 2. d4 Nf6 3. Nc3 g6 4. Be3 Bg7 5. f3 a6 6. Qd2 Nc6 7. O-O-O O-O 8. h4
b5 9. h5 Nxh5 10. Nce2 e5 11. d5 Ne7 12. g4 Nf4 13. Nxf4 exf4 14. Bxf4 f6 15.
Qh2 g5 16. Be3 h6 17. Ne2 Qe8 18. Ng3 Ng6 19. Nh5 Bh8 20. Be2 Bd7 21. Bd4 Ne5
22. f4 Ng6 23. Nxf6+ Rxf6 24. Qxh6 Qf7 25. fxg5 1-0

[Event "Egypt Open 2016"]
[Site "Eastern Company Club"]
[Date "2016.04.22"]
[Round "1"]
[Board "28"]
[White "Abdel Monem, Gamal"]
[Black "Himdan, Maher"]
[Result "0-1"]
[WhiteElo "1810"]
[BlackElo "2228"]
[PlyCount "45"]
[EventDate "2016.04.22"]
[EventRounds "9"]
[EventCountry "EGY"]

1. d4 d6 2. c4 e5 3. Nc3 Nd7 4. e3 Ngf6 5. Bd3 g6 6. Nge2 Bg7 7. O-O O-O 8. f4
exd4 9. exd4 Re8 10. f5 Ng4 11. fxg6 hxg6 12. Rf3 Nf8 13. h3 Nh6 14. Nf4 Nf5
15. Bxf5 Bxf5 16. Ncd5 Be6 17. Ne3 Nh7 18. d5 Bd7 19. Nc2 Qh4 20. Qf1 Re7 21.
Bd2 Bxb2 22. Rb1 Be5 23. Be1 0-1

[Event "Egypt Open 2016"]
[Site "Eastern Company Club"]
[Date "2016.04.22"]
[Round "1"]
[Board "29"]
[White "Ragheb, Malak"]
[Black "Roshdy, Mohamed"]
[Result "1-0"]
[WhiteElo "2226"]
[BlackElo "1801"]
[PlyCount "71"]
[EventDate "2016.04.22"]
[EventRounds "9"]
[EventCountry "EGY"]

1. d4 Nf6 2. c4 e6 3. Nf3 Be7 4. Nc3 b6 5. e4 O-O 6. Bd3 Bb7 7. Qe2 d6 8. O-O
Nbd7 9. Rd1 a6 10. e5 dxe5 11. dxe5 Bxf3 12. gxf3 Nh5 13. Be4 c6 14. Bxc6 Ra7
15. f4 g6 16. f5 Qc8 17. Bf3 exf5 18. Bxh5 gxh5 19. Nd5 Re8 20. Bh6 Bf8 21.
Bxf8 Kxf8 22. f4 Re6 23. Kh1 Rh6 24. b4 Qc6 25. Qd3 Qe6 26. Ne3 Qc6+ 27. Qd5
Qe6 28. Rac1 h4 29. Qf3 Qg6 30. Rd6 Qh5 31. Qxh5 Rxh5 32. Kg2 Ke7 33. Nd5+ Kf8
34. c5 bxc5 35. bxc5 Nxe5 36. fxe5 1-0

[Event "Egypt Open 2016"]
[Site "Eastern Company Club"]
[Date "2016.04.22"]
[Round "1"]
[Board "30"]
[White "Maher, Anton"]
[Black "Gabr, Mohsen"]
[Result "0-1"]
[WhiteElo "1795"]
[BlackElo "2225"]
[PlyCount "39"]
[EventDate "2016.04.22"]
[EventRounds "9"]
[EventCountry "EGY"]

1. d4 Nf6 2. c4 g6 3. Nc3 Bg7 4. Nf3 d6 5. e3 O-O 6. Be2 Nbd7 7. Qc2 e5 8. O-O
c6 9. Rd1 Qe7 10. d5 e4 11. Nd2 Re8 12. dxc6 bxc6 13. b3 Nc5 14. Bb2 Bf5 15.
Nf1 Bg4 16. Ng3 Nd3 17. Ba3 Bxe2 18. Ncxe2 Ng4 19. Nh1 Bxa1 20. Rxa1 0-1

[Event "Egypt Open 2016"]
[Site "Eastern Company Club"]
[Date "2016.04.22"]
[Round "1"]
[Board "31"]
[White "Kamel, Mahmoud"]
[Black "Elgohary, Fayrouz"]
[Result "1-0"]
[WhiteElo "2223"]
[BlackElo "1793"]
[PlyCount "68"]
[EventDate "2016.04.22"]
[EventRounds "9"]
[EventCountry "EGY"]

1. e4 d5 2. exd5 Nf6 3. Bb5+ Bd7 4. Be2 Bf5 5. Nf3 Nxd5 6. d4 Nd7 7. O-O e6 8.
c4 N5f6 9. Nc3 Be7 10. Qb3 Qc8 11. Bf4 Nh5 12. Be3 O-O 13. Ne5 Nhf6 14. f4 c5
15. Nxd7 Nxd7 16. d5 Nb6 17. Rfd1 Rd8 18. Bf3 h6 19. Bf2 exd5 20. Nxd5 Nxd5 21.
Bxd5 Qc7 22. h3 Be6 23. Bxe6 fxe6 24. Re1 Bf6 25. Qc2 Bd4 26. Qg6 Qe7 27. Re2
Rd6 28. Bxd4 cxd4 29. c5 Rc6 30. b4 e5 31. Qe4 Rd8 32. fxe5 Re6 33. Rd1 Rd7 34.
Rdd2 d3 1-0